Knowledge of God and the development of early Kabbalah /
In Knowledge of God and the Development of Early Kabbalah , Jonathan Dauber offers a fresh consideration of the emergence and early development of Kabbalah against the backdrop of a re-evaluation of the relationship between early Kabbalistic and philosophic discourse. He argues that the first Kabbal...
المؤلف الرئيسي:
التنسيق: كتاب الكتروني
اللغة: English
منشور في:
Leiden ; Boston :
Brill,
2012.
سلاسل:
Supplements to The Journal of Jewish Thought and Philosophy
18.
Religious Studies, Theology and Philosophy E-Books Online, Collection 2013, ISBN: 9789004248748.
الموضوعات:
الوصول للمادة أونلاين: Login to view Source
الوسوم: إضافة وسم
رقم الطلب: BM526 .D38 2012
| LEADER | 03018nam a2200493 i 4500 | ||
|---|---|---|---|
| 001 | BRILL9789004234277 | ||
| 003 | nllekb | ||
| 005 | 20210602100549.0 | ||
| 006 | m d | ||
| 007 | cr un uuuua | ||
| 008 | 120912s2012 ne sb 001 0 eng d | ||
| 010 | |a 2012021090 | ||
| 020 | |a 9789004234277 |q (electronic book) | ||
| 020 | |z 9789004234260 |q (print) | ||
| 024 | 7 | |a 10.1163/9789004234277 |2 DOI | |
| 040 | |a NL-LeKB |c NL-LeKB |e rda | ||
| 050 | 4 | |a BM526 |b .D38 2012 | |
| 072 | 7 | |a BM |2 lcco | |
| 072 | 7 | |a HRJX |2 bicssc | |
| 072 | 7 | |a REL |x 040060 |2 bisacsh | |
| 079 | |a ocn798437797 | ||
| 082 | 0 | 4 | |a 296.1/609 |2 23 |
| 100 | 1 | |a Dauber, Jonathan. | |
| 245 | 1 | 0 | |a Knowledge of God and the development of early Kabbalah / |c by Jonathan Dauber. |
| 264 | 1 | |a Leiden ; |a Boston : |b Brill, |c 2012. | |
| 300 | |a 1 online resource (x, 275 pages) | ||
| 336 | |a text |b txt |2 rdacontent | ||
| 337 | |a computer |b c |2 rdamedia | ||
| 338 | |a online resource |2 rdacarrier | ||
| 490 | 1 | |a Supplements to the Journal of Jewish thought and philosophy, |x 1873-9008 ; |v v. 18 | |
| 504 | |a Includes bibliographical references (p.[253]-268 ) and index. | ||
| 505 | 0 | 0 | |a Preliminary Material -- Introduction -- Chapter 1 Creativity in the First Kabbalistic Writings -- Chapter 2 The Philosophic Ethos -- Chapter 3 Investigating God in Rabbinic and Later Jewish Literature -- Chapter 4 The Philosophic Ethos in the Writings of the First Kabbalists -- Chapter 5 Investigating God in Sefer ha-Bahir -- Chapter 6 The Philosophic Ethos in the Writings of Naḥmanides -- Conclusion -- Bibliography -- Index. |
| 506 | |a Available to subscribing member institutions only. | ||
| 520 | |a In Knowledge of God and the Development of Early Kabbalah , Jonathan Dauber offers a fresh consideration of the emergence and early development of Kabbalah against the backdrop of a re-evaluation of the relationship between early Kabbalistic and philosophic discourse. He argues that the first Kabbalists adopted a philosophic ethos that was foreign to traditional Rabbinic Judaism but had taken root in Languedoc and Catalonia under the influence of newly available philosophical materials. In this ethos, the act of investigating God was accorded great religious significance, and it was its adoption by the first Kabbalists that helped spur them to engage in their investigations of God and, in so doing, develop Kabbalah. | ||
| 650 | 0 | |a Cabala |x History. | |
| 650 | 0 | |a God (Judaism) | |
| 650 | 0 | |a Jewish philosophy. | |
| 776 | 0 | 8 | |i Print version: |t Knowledge of God and the Development of Early Kabbalah |d Leiden, Boston : BRILL, 2012, |z 9789004234260 |
| 830 | 0 | |a Supplements to The Journal of Jewish Thought and Philosophy |v 18. | |
| 830 | 0 | |a Religious Studies, Theology and Philosophy E-Books Online, Collection 2013, ISBN: 9789004248748. | |
| 856 | 4 | |z DOI: |u http://dx.doi.org/10.1163/9789004234277 | |
| 942 | |c EBOOK | ||
| 952 | |0 0 |1 0 |4 0 |7 1 |9 14143 |a BRILL |b BRILL |d 2021-06-02 |l 0 |r 2021-06-02 00:00:00 |w 2021-06-02 |y EBOOK | ||
| 999 | |c 35593 |d 35593 | ||
